000 00776nam a2200253Ia 4500
003 OSt
005 20220925224234.0
006 a|||||r|||| 00| 0
007 ta
008 220923b |||||||| |||| 00| 0 eng d
037 _cGeneral Book
040 _aRTL
_cRTL
_beng
041 _2eng
_aeng
082 _aY9(T2), K7
100 _aHargreaves David H
_9291006
245 0 _aSocial relations in a secondary school
260 _aLondon
_bRoutledge & Kegab Paul
_c1967
300 _axii, 226p
_ccm.
490 _aInternational Library of Sociology and Social Reconstruction. Ed by W J H Sprott
500 _aAppendix: P 193-212
650 _aSociology of Education
942 _hY9(T2), K7
_cGB
_2CC
999 _c581115
_d581115